000 00472nam a2200133 4500
999 _c14268
_d14268
008 190906b ||||| |||| 00| 0 eng d
082 _aDPer 050 T48 Apr - June 2016, v. 187 n. 12-24
100 _939464
_aOaklander, Mandy.
245 _aAshima Shiraishi:
_bshe can scale any obstacle/
_cMandy Oaklander.
260 _aHong Kong:
_bTime Asia,
_cc2016.
300 _av187 n22, page 42-43:
_billustrations;
_c27 cm.
650 _aSports
_xwall climbing.
_940042
942 _2ddc
_cPER